Les Pays de la Loire en images. - Statistiques

Statistiques générales
  • Ce quiz a été pris 113 fois
  • Le résultat moyen est 12 sur 20
Statistiques - réponses
Par images Hint Réponse % Correct
Club de Foot FC Nantes
96%
Fleuve Loire
96%
Ville Nantes
94%
Gâteau Petit Beurre
93%
Parc Puy du Fou
88%
Homme Politique François Fillon
81%
Alcool Cointreau
76%
Ville Angers
75%
Spécialité Rillettes du Mans
75%
Créatrice de Mode Coco Chanel
60%
Événement 24 Heures du Mans
55%
Festival Hellfest
55%
Écrivain Jules Verne
50%
Ancienne province Anjou
49%
Spécialité Mogettes de Vendée
40%
Ville Laval
39%
Entreprise Lactalis
36%
Symbole Double cœur vendéen
22%
Île Île d'Yeu
14%
Château Château de Brissac
9%
Aucun quiz correspondant
Distribution des résultats
% des personnes avec chaque résultat
Percentile par nombre de réponses
Votre historique - résultats
Vous n’avez pas pris ce quiz